Sinh học đại cương : Tế bào học, di truyền học, học thuyết tiến hóa

Gorde:
Xehetasun bibliografikoak
Egile nagusia: Phạm, Thành Hổ
Formatua: Liburua
Hizkuntza:Undetermined
Argitaratua: Hà Nội Nxb. Đại học Quốc gia Hà Nội 2000
Gaiak:
Etiketak: Etiketa erantsi
Etiketarik gabe, Izan zaitez lehena erregistro honi etiketa jartzen!
Thư viện lưu trữ: Trung tâm Học liệu Trường Đại học Cần Thơ
LEADER 00576nam a2200181Ia 4500
001 CTU_41418
008 210402s9999 xx 000 0 und d
082 |a 571 
082 |b H450/2000 
100 |a Phạm, Thành Hổ 
245 0 |a Sinh học đại cương : 
245 0 |b Tế bào học, di truyền học, học thuyết tiến hóa 
245 0 |c Phạm Thành Hổ 
260 |a Hà Nội 
260 |b Nxb. Đại học Quốc gia Hà Nội 
260 |c 2000 
650 |a Biology 
980 |a Trung tâm Học liệu Trường Đại học Cần Thơ